| 000 | 00693nam a2200229 a 4500 | ||
|---|---|---|---|
| 005 | 20210219153152.0 | ||
| 008 | 991125n 000 0 u | ||
| 035 | _aUPN01000081648 | ||
| 100 | 1 | _aKelly, Mary S | |
| 222 | _aJOURNAL OF SCHOOL PSYCHOLOGY | ||
| 245 | _aIdentifying brigth kindergartners at risk for learning difficulties : predictive validity of a kindergarten screening tool | ||
| 300 | _a245-258 | ||
| 362 | 0 | _a1992 Vol. 30, no. 3 | |
| 653 | 0 | _aDETECCION DE PRUEBAS | |
| 653 | 0 | _aJARDIN DE NIÑOS | |
| 653 | 0 | _aLECTURA RAPIDA | |
| 653 | 0 | _aRENDIMIENTO ACADEMICO | |
| 700 | 1 | _aPeverly, Stephen T., | |
| 700 | 1 | _ecoaut. | |
| 904 |
_aAC _b019459 |
||
| 905 | _aArticulo | ||
| 999 |
_c70067 _d70067 |
||